000 00663nam a22002537a 4500
001 72259
003 UA-OsUOA
005 20220728161117.0
007 ta
008 20101230b un ||||| |||| 00| 0 ukr d
020 _a5854100355
040 _aUA-OsUOA
_brus
_cUA-OsUOA
_dUA-OsUOA
041 _arus
080 _a821.161.1
090 _a821.161.1
_bБ51
100 _aБерроуз Э.
245 _aТарзан
260 _aБаку
_bОлимп
_c1992
300 _a689 с.
505 _gТ. 1
650 7 _a821 Художня література окремими мовами і мовними сім'ями
_2UDC
942 _cBK
_2udc
955 _a3
999 _c358511
_d358511